000 00753nam a22002537a 4500
005 20250807160445.0
008 250807b |||||||| |||| 00| 0 eng d
020 _a978-1-138-21913-7 (pbk)
037 _cREF
040 _aAL
_cAL
041 _2ENG
_aENG
084 _aY:(S:7395)g P6;Q9
_qAL
100 _aHargie, Owen
_9402217
245 _aHandbook of communication skills
250 _a4th
260 _aLondon, UK:
_bRoutledge,
_c2019.
300 _axi,628p.
365 _b47.99
_cUKP
650 _aSOCIOLOGY
650 _aPsychology
700 _aHargie, Owen
_eEditor
_9402217
942 _2CC
_cREF
_hY:(S:7395)g P6;Q9
_n0
999 _c1434619
_d1434619